Statistics for Select The Correct Meter

Click here to take the quiz!

General Stats

  • This quiz has been taken 21 times
    (20 since last reset)
  • The average score is 8 of 12

Answer Stats

HintAnswer% Correct
99% 99%
94%
26% 26%
78%
10% 10%
72%
16% 16%
67%
42% 42%
67%
65% 65%
67%
75% 75%
67%
25% 25%
61%
70% 70%
61%
11% 11%
56%
52% 52%
56%
50% 50%
50%

Score Distribution

Percentile by Number Answered

Percent of People with Each Score

Your Score History

You have not taken this quiz since the last reset